| 000 | 00986nam a22002537a 4500 | ||
|---|---|---|---|
| 005 | 20170124102934.0 | ||
| 010 | _aA-833337 | ||
| 020 |
_c80.00 _a8170561205 |
||
| 035 | _aA-833337 | ||
| 037 | _bCen Lib/Ret | ||
| 040 |
_aDPL _bHN |
||
| 082 |
_a821 _bचतुर्वे |
||
| 100 |
_aचतुर्वेदी, नंद _97895 |
||
| 245 |
_aयह समय मामूली नहीं / _cनंद चतुर्वेदी |
||
| 246 |
_aYah samay mamuli nahi / _bby Nand Chaturvedi |
||
| 260 |
_aजयपुर _bपंचशील प्रकाशन _c1996 |
||
| 270 |
_aफिल्म कालोनी _bजयपुर _e302003 |
||
| 300 |
_a104पृ. _c19सेमी (सजिल्द) |
||
| 650 |
_aहिंदी साहित्य _945890 |
||
| 650 |
_aहिन्दी काव्य _9779 |
||
| 650 |
_aHindi Literature _945891 |
||
| 650 |
_aHindi Poetry _945892 |
||
| 942 |
_2ddc _cHN _h821 _mचतुर्वे |
||
| 999 |
_c112102 _d112102 |
||